| 000 | 00642nam a2200193 4500 | ||
|---|---|---|---|
| 001 | 132909 | ||
| 003 | ES-MaACL | ||
| 005 | 20250902102519.0 | ||
| 007 | t| | ||
| 008 | 070214s1919 sp r ||||1| spa d | ||
| 100 | 1 |
_aRoyo Gómez, José, _d1895-1961 _9100228 |
|
| 245 | 1 | 0 |
_aNota bibliográfica / _cJosé Royo Gómez. |
| 260 |
_aMadrid : _b[s. n.], _c1919. |
||
| 300 |
_a2 p. ; _c26 cm. |
||
| 500 | _aExtracto de: Boletín de la Real Sociedad Española de Historia Natural, t. XIX, p. 57-58. | ||
| 710 | 2 |
_aReal Sociedad Española de Historia Natural _96397 |
|
| 852 |
_aES-MaACL _j1846-F-4 _bR.20284 |
||
| 999 |
_c132909 _d132909 |
||